| 000 | 01027cam a2200349 i 4500 | ||
|---|---|---|---|
| 001 | 0000813 | ||
| 003 | DO-SdBNP | ||
| 005 | 20180212105813.0 | ||
| 007 | 0000813 | ||
| 008 | 100514s 1999 sp a | |||| 000 f spa | ||
| 015 | _a | ||
| 017 |
_a _b |
||
| 020 | _a8420448273 | ||
| 035 | _a | ||
| 040 |
_aBPMSU _bspa _cBPMSU _e |
||
| 080 | _a | ||
| 100 | 1 |
_aHolmelund Minarik, Else, _d1920- |
|
| 240 | 1 |
_aA kiss for little bear / _lEspañol |
|
| 245 | 1 | 3 |
_aUn beso para osito / _cElse Holmelund Minarik ; ilustraciones Maurice Sendak ; traducción María Puncel. _h |
| 250 | _a6a. reimpr. | ||
| 260 |
_aMadrid : _bAlfaguara, _bGrupo Santillana, _c1999. |
||
| 300 |
_a32 p. : _bil. ; _c19 m |
||
| 490 | 1 | _aAlfaguara infantil | |
| 500 | _aIncluye datos biográficos del autor. | ||
| 521 | _aA partir de 6 años. | ||
| 700 | 1 | 2 |
_aSendak, Maurice, _eil. |
| 700 | 1 | 2 |
_aPuncel, María, _etrad. |
| 830 | 0 | _aAlfaguara infantil | |
| 942 |
_2ddc _cBK |
||
| 945 | _aInventariado, 2018/LP | ||
| 956 |
_aYLOCKWARD _810 _cBPMSU |
||
| 999 |
_c11923 _d11923 |
||